Normal view
MARC view
- Ducoing, Patricia
Entry Nombre Personal
001 - NUMERO DE CONTROL
- campo de control: 35982
003 - IDENTIFICADOR DE NUMERO DE CONTROL
- campo de control: UPN
005 - FECHA Y HORA DE LA ÜLTIMA TRANSACCIÓN
- campo de control: 20220211201235.0
008 - DATOS DE LONGITUD FIJA
- campo de control de longitud fija: nabaccnnaabn|||||||||| b |nc|||||d
035 ## - NUMERO DE CONTROL
- Número de control: UPN11000008089
040 ## - FUENTE DE CATALOGACIÓN
- Lenguaje de catalogación: SPA
- Agencia de transcripción: UPN
- Agencia original de catalogación: UPN
100 1# - ENCABEZAMIENTO - NOMBRE PERSONAL
- Nombre personal: Ducoing, Patricia
400 1# - VEÁSE - NOMBRE DE PERSONA
- Personal name: Ducoing Watty, Patricia
400 1# - VEÁSE - NOMBRE DE PERSONA
- Personal name: Ducoing Watty, Lilly Patricia
670 ## - FUENTE EN LA QUE SE LOCALIZARON DATOS
- Cita de la fuente: Formación de docentes y profesionales de la educación , 1993:
- Uniform Resource Identifier: portada (Patricia Ducoing)
670 ## - FUENTE EN LA QUE SE LOCALIZARON DATOS
- Cita de la fuente: La educación secundaria en el mundo : el mundo de la educación secundaria (Colombia, Brasil y Argentina), 2018:
- Uniform Resource Identifier: portada (Patricia Ducoing Watty)
670 ## - FUENTE EN LA QUE SE LOCALIZARON DATOS
- Cita de la fuente: UNAM ISSUE página web, 11 de febrero del 2022:
- Uniform Resource Identifier: (Lilly Patricia Ducoing Watty)
902 ## - CATALOGADOR
- Catalogador: CAA/131014
